000 00762nam a22001337a 4500
040 _cRUA
082 _aVEM ROS 2021 B1-530 Or.
100 _aROS BUNTHON,រស់ ប៊ុនថុន
245 _aANTIMICROBIAL RESISTANCE PROFILE OF ESCHERICHIA COLI ISOLATED FROM PIGLET DISEASE KEANSVAY DISTRICT,KANDAL PROVINCE,ករណី Escherichia coli ស៊ាំនឹងឱសថអង់ទីប៊ីយ៉ូទិចលើរាកកូនជ្រូកកំឡុងពេលបៅដោះនៅស្រុកកៀនស្វាយ ខេត្តកណ្តាល
260 _aphnom penh
_brua
_c2021
300 _axii.47p.
_bill.
_c29cm.
856 _uhttps://drive.google.com/file/d/1GxTe6MpfEZx3AfqDp7zIWqdGiGA8ojgd/view?usp=sharing
942 _cVEM
999 _c22897
_d22897